000 00719nam a22002057a 4500
999 _c170032
_d170032
005 20191210125302.0
010 _aENG-127050
020 _c1100.00
_a9780199494255
035 _aEN-110582
037 _bDBAD/PUB
082 _a324.954
100 _aUjjwal Kumar Singh
245 _aElection commission of India :
_cby Ujjwal Kumar Singh [and] Anupama Roy
_binstitutionalising democratic uncertainties /
260 _aNew Delhi
_bOxford University Press
_c2019
270 _a22 Workspace, 2nd Floor, 1/22 Asaf Ali Road
_bNew Delhi
_e110002
300 _avii;365p.
_c22cm(Hb)
500 _aIncludes bibliographical references and index
700 _aRoy, Anupama
942 _2ddc
_cEN
_h324.954
_mUJJ